000 00450nam a2200181Ia 4500
008 240925s9999 xx 000 0 und d
020 _aNA
082 _a621.3815 BOY
100 _aBoylestad, Robert
245 0 _aIntroduction Circuit Analysis
250 _a8th
260 _aLondon:
_bPrentice, Hall
_c,1997.
300 _a1151p.
_bNA
_fNA
500 _aIncludes Index
600 _aElectronic Engineering
650 _aTechnology
942 _cBK
999 _c4373
_d4373